| 000 | 00545nam a22001937a 4500 | ||
|---|---|---|---|
| 003 | OSt | ||
| 005 | 20160719180246.0 | ||
| 008 | 160719b xxu||||| |||| 00| 0 eng d | ||
| 020 | _a0688022162 | ||
| 040 | _c040a | ||
| 082 |
_aW 5 _bD77n 1983 |
||
| 100 |
_aDoyle, Rodger Pirnie _910315 |
||
| 245 |
_aThe medical wars / _cRodger Pirnie Doyle |
||
| 260 |
_aNew York _bWilliam Morrow and company _c1983 |
||
| 300 |
_a272p; _bill : _c15 cm. |
||
| 504 | _aIncludes bibliographical references and index | ||
| 650 |
_aMedicine _9324 |
||
| 942 |
_2z _cO_SHELF |
||
| 999 |
_c4797 _d4797 |
||